000 00421nam a2200169Ia 4500
003 0STCL
008 150530s9999 xx 000 0 und d
040 _aSTCL
_cSTCL
100 _aSunita Vashisth
245 _aAggnya, Dharmvir Bharti Aur Mohan Rakesh Ki Kathyatra
260 _bChinmaya Prakashan; Jaipur
_c1986
300 _a0
546 _aEnglish
942 _2ddc
_cBK
999 _c65625
_d65625
005 20220125171310.0